000 00825nam a2200253 i 4500
001 185132
003 SpMaBN
005 20230906222344.0
008 160323s2004 sp | |||| | spa d
020 _a84-8191-591-2
080 _a808.1:82-1
100 1 _aCernuda, Luis,
_d1902-1963
_937529
245 1 0 _aIntermedio
_b(fragmentos para una poética) /
_cLuis Cernuda ; edición de Gabriel Insausti.
250 _a1ª ed.
260 _aValencia :
_bPre-Textos,
_c2004.
300 _a167 p. ;
_c17 cm.
490 1 _aPre-textos.
_aPoéticas ;
_v687
504 _aBibliografía: p. 37-39.
650 0 7 _aPoética.
_916254
700 1 _aInsausti, Gabriel.
_965339
830 0 _aPre-textos.
_aPoéticas ;
_v687
_9192336
852 _aES-MaACL
_jL-30294
_z. - Donat. Miguel A. Velasco
999 _c185132
_d185132